000 04661namaa22004331i 4500
003 OSt
005 20260419111007.0
008 250827s2025 ua a|||frm||| 000 0 eng d
040 _aEG-GICUC
_bara
_cEG-GICUC
_dEG-GICUC
_erda
041 0 _aara
_bara
_beng
049 _aإيداع
082 0 4 _a895.1352
092 _a895.1352
_221
097 _aدكتوراه‎
099 _aCai01.02.09.Ph.D.2025.شي.ص
100 0 _a،شيماء سيد محمد الامير
_eإعداد.
245 1 2 _aالصورة الاجتماعية والثقافية لسياسة تنظيم الأسرة في الصين من خلال رواية الضفدع لمو يان :
_bدراسة تحليلية /
_cإعداد شيماء سيد محمد الامير؛ إشراف أ.د/ رحاب محمود أحمد صبح، أ.د/ شو يانغ فان.
246 1 5 _aThe social and cultural image of family planning policy in china through the novel frog by mo yan :
_bAnalytical study /
264 0 _c2025.
300 _a99 صفحة :
_bإيضاحيات ؛
_c25 سم. +
_eCD.
336 _atext
_2rda content
337 _aUnmediated
_2rdamedia
338 _avolume
_2rdacarrier
502 _aأطروحة (دكتوراه)-جامعة القاهرة، 2025.
504 _aببليوجرافيا: صفحات 95-98.
520 _a"الضفدع" هي رواية للكاتب الصيني الشهير مو يان تعكس بعمق الصورة الاجتماعية والثقافية لسياسة تنظيم الأسرة في الصين. حازت هذة الرواية على جائزة ماو دون للأدب في عام ٢٠١١ وجائزة نوبل للأدب في عام٢٠١٢، وتعتبر واحدة من الأعمال الأدبية القليلة التي أثارت اهتمام القراء حيث فتحت باب النقاش العام حول سياسة تنظيم الأسرة، فهي ذات قيمة أدبية عالية وأهمية واقعية مؤثرة. يسلط البحث الضوء على رصد تطورات سياسة تنظيم الأسرة في الصين ويجري تحليلًا عميقًا لصورة الشخصيات المختلفة وعادات وتقاليد المجتمع التي أبرزتها الرواية، ويستخلص الآثار الإيجابية والسلبية التي خلفتها سياسة تنظيم الأسرة على الصين والشعب من الواقع ومن منظور الرواية، كما يتضمن البحث تقييمًا لوضع السياسة السكانية في مصر، مؤكدًا على أهمية تبادل التجارب بين الصين ومصر في مجال السياسة السكانية.
520 _a"The Frog" is a novel by the famous Chinese writer Mo Yan that deeply reflects the social and cultural image of family planning policy in China. This novel won the Mao Dun Prize for Literature in 2011 and the Nobel Prize for Literature in 2012. It is one of the few literary works that has aroused the interest of readers and opened up public debate on family planning policy, with high literary value and poignant factual significance. The research sheds light on the development of family planning policy in China and conducts an in-depth analysis of the various characters and societal customs and traditions highlighted in the novel. It extracts the positive and negative Effects of the family planning policy on China and the people from reality and from the perspective of the novel. The research also includes an assessment of the population policy situation in Egypt, stressing the importance of exchanging experiences between China and Egypt in the field of population policy.
530 _aصدر أيضًا كقرص مدمج.
546 _aالنص بالعربية والملخص باللغة الإنجليزية والعربية.
650 7 _a‪القصص الصينية
_2qrmak
650 7 _aالادب الصينى
653 0 _aسياسة تنظيم الأسرة
_aتحليل الشخصيات
_aعادات وتقاليد المجتمع
700 0 _aرحاب محمود أحمد صبح
_eمشرف أطروحة.
700 0 _aشو يانغ فان
_eمشرف أطروحة.
900 _b16-04-2025
_cرحاب محمود أحمد صبح
_cشو يانغ فان
_Uجامعة القاهرة
_Fكلية الآداب
_Dقسم اللغة الصينية وآدابها
905 _aSara
_eAfaf
942 _2ddc
_cTH
_e21
_n0
999 _c179403